<?xml version="1.0" encoding="UTF-8"?>
<record
    xmlns:xsi="http://www.w3.org/2001/XMLSchema-instance"
    xsi:schemaLocation="http://www.loc.gov/MARC21/slim http://www.loc.gov/standards/marcxml/schema/MARC21slim.xsd"
    xmlns="http://www.loc.gov/MARC21/slim">

  <leader>02198nam a2200265 a 4500</leader>
  <controlfield tag="001">000022341</controlfield>
  <controlfield tag="003">OSt</controlfield>
  <controlfield tag="005">20250621074006.0</controlfield>
  <controlfield tag="008">100930s1998    dr ac         000 0 spa d</controlfield>
  <datafield tag="040" ind1=" " ind2=" ">
    <subfield code="a">DO-SdBNP</subfield>
    <subfield code="b">spa</subfield>
    <subfield code="c">BNPHU</subfield>
  </datafield>
  <datafield tag="082" ind1=" " ind2=" ">
    <subfield code="a">324.22</subfield>
    <subfield code="b">E56t</subfield>
  </datafield>
  <datafield tag="100" ind1="1" ind2=" ">
    <subfield code="a">Encarnaci&#xF3;n Jim&#xE9;nez, Pedro,</subfield>
    <subfield code="d">1959-</subfield>
    <subfield code="9">2557</subfield>
  </datafield>
  <datafield tag="245" ind1="1" ind2="3">
    <subfield code="a">La transici&#xF3;n del liderazgo pol&#xED;tico dominicano :</subfield>
    <subfield code="b">crisis de liderazgo, opciones y frustraciones /</subfield>
    <subfield code="c">Pedro Encarnaci&#xF3;n Jim&#xE9;nez.</subfield>
  </datafield>
  <datafield tag="260" ind1=" " ind2=" ">
    <subfield code="a">Santo Domingo :</subfield>
    <subfield code="b">Editora de Colores,</subfield>
    <subfield code="c">1998.</subfield>
  </datafield>
  <datafield tag="300" ind1=" " ind2=" ">
    <subfield code="a">159 p. :</subfield>
    <subfield code="b">il., retrs. ;</subfield>
    <subfield code="c">22 cm.</subfield>
  </datafield>
  <datafield tag="500" ind1=" " ind2=" ">
    <subfield code="a">Incluye datos biogr&#xE1;ficos del autor en la contracubierta</subfield>
  </datafield>
  <datafield tag="500" ind1=" " ind2=" ">
    <subfield code="a">Incluye referencias bibliogr&#xE1;ficas y notas al pie de las p&#xE1;ginas</subfield>
  </datafield>
  <datafield tag="504" ind1=" " ind2=" ">
    <subfield code="a">Bibliograf&#xED;a : p. 157-159</subfield>
  </datafield>
  <datafield tag="505" ind1="0" ind2=" ">
    <subfield code="a">Crisis de liderazgo e invasi&#xF3;n haitiana --</subfield>
    <subfield code="t">Caudillismo y anexionismo en la Formaci&#xF3;n del Estado Dominicano --</subfield>
    <subfield code="t">La formaci&#xF3;n del liderazgo pol&#xED;tico durante, La Primera Rep&#xFA;blica --</subfield>
    <subfield code="t">Santana Vs. B&#xE1;ez y el liderazfo conservador --</subfield>
    <subfield code="t">Duarte y el liderazgo liberal --</subfield>
    <subfield code="t">Luper&#xF3;n contra B&#xE1;ez y el nuevo liderazgo restaurador --</subfield>
    <subfield code="t">Ulises Heureaux: la negaci&#xF3;n de los principios --</subfield>
    <subfield code="t">Liberales de los l&#xED;deres azules --</subfield>
    <subfield code="t">Horacio V&#xE1;squez contra Juan I. Jimenes --</subfield>
    <subfield code="t">Crisis institucional e intervenci&#xF3;n imperialista --</subfield>
    <subfield code="t">Vac&#xED;o de liderazgo y dominaci&#xF3;n extranjera --</subfield>
    <subfield code="t">El liderazgo caudillista y absorbente de Trujillo --</subfield>
    <subfield code="t">Balaguer contra Bosch: el liderazgo intelectual e institucional --</subfield>
    <subfield code="t">Balaguer y el liderazgo pragm&#xE1;tico-conservador --</subfield>
    <subfield code="t">Bosch y el liderazgo te&#xF3;rico-liberal --</subfield>
    <subfield code="t">La formaci&#xF3;n de liderazgo emergente en Santo Domingo --</subfield>
    <subfield code="t">Pe&#xF1;a G&#xF3;mez contra Leonel Fern&#xE1;ndez: Social democracia Vs. Neoliberalismo --</subfield>
    <subfield code="t">Ausencia de liderazgo en Santo Domingo --</subfield>
    <subfield code="t">Hacia la transici&#xF3;n de un liderasgo colegiado --</subfield>
    <subfield code="t">El revelo de Juan Bosch en el PLD --</subfield>
    <subfield code="t">La sucesi&#xF3;n pol&#xED;tica de Balaguer en el PRSC --</subfield>
    <subfield code="t">Discurso del Padre Meri&#xF1;o ante la Asamblea Nacional con motivo de la juramentaci&#xF3;n del Presidente B&#xE1;ez.</subfield>
  </datafield>
  <datafield tag="590" ind1=" " ind2=" ">
    <subfield code="a">Inventariado, 2018/BT</subfield>
  </datafield>
  <datafield tag="650" ind1=" " ind2="4">
    <subfield code="a">Liderazgo pol&#xED;tico</subfield>
    <subfield code="9">678</subfield>
  </datafield>
  <datafield tag="651" ind1=" " ind2="0">
    <subfield code="a">Rep&#xFA;blica Dominicana</subfield>
    <subfield code="x">Pol&#xED;tica y gobierno</subfield>
    <subfield code="9">45</subfield>
  </datafield>
  <datafield tag="910" ind1=" " ind2=" ">
    <subfield code="a">Validado. Control de calidad. MFF</subfield>
  </datafield>
  <datafield tag="942" ind1=" " ind2=" ">
    <subfield code="2">ddc</subfield>
    <subfield code="c">LBS1</subfield>
  </datafield>
  <datafield tag="952" ind1=" " ind2=" ">
    <subfield code="0">0</subfield>
    <subfield code="1">0</subfield>
    <subfield code="2">ddc</subfield>
    <subfield code="5">6</subfield>
    <subfield code="7">0</subfield>
    <subfield code="8">DS</subfield>
    <subfield code="a">BNPHU</subfield>
    <subfield code="b">BNPHU</subfield>
    <subfield code="c">HD</subfield>
    <subfield code="d">2010-09-30</subfield>
    <subfield code="l">0</subfield>
    <subfield code="o">BNPHU DS 324.22 E56t</subfield>
    <subfield code="p">22341-30</subfield>
    <subfield code="r">2020-06-25</subfield>
    <subfield code="t">e. 3</subfield>
    <subfield code="w">2020-06-25</subfield>
    <subfield code="y">LBS1</subfield>
    <subfield code="Z">Pr&#xE9;stamo en sala</subfield>
  </datafield>
  <datafield tag="952" ind1=" " ind2=" ">
    <subfield code="0">0</subfield>
    <subfield code="1">0</subfield>
    <subfield code="2">ddc</subfield>
    <subfield code="5">1</subfield>
    <subfield code="7">0</subfield>
    <subfield code="8">PD</subfield>
    <subfield code="a">BNPHU</subfield>
    <subfield code="b">BNPHU</subfield>
    <subfield code="c">HD</subfield>
    <subfield code="d">2010-09-30</subfield>
    <subfield code="l">0</subfield>
    <subfield code="o">BNPHU PD 324.22 E56t</subfield>
    <subfield code="p">22341-10</subfield>
    <subfield code="r">2020-06-25</subfield>
    <subfield code="w">2020-06-25</subfield>
    <subfield code="y">LBS1</subfield>
    <subfield code="Z">No se presta</subfield>
  </datafield>
  <datafield tag="952" ind1=" " ind2=" ">
    <subfield code="0">0</subfield>
    <subfield code="1">0</subfield>
    <subfield code="2">ddc</subfield>
    <subfield code="5">1</subfield>
    <subfield code="7">0</subfield>
    <subfield code="8">PD</subfield>
    <subfield code="a">BNPHU</subfield>
    <subfield code="b">BNPHU</subfield>
    <subfield code="c">HD</subfield>
    <subfield code="d">2010-09-30</subfield>
    <subfield code="l">0</subfield>
    <subfield code="o">BNPHU PD 324.22 E56t</subfield>
    <subfield code="p">22341-20</subfield>
    <subfield code="r">2020-06-25</subfield>
    <subfield code="t">e. 2</subfield>
    <subfield code="w">2020-06-25</subfield>
    <subfield code="y">LBS1</subfield>
    <subfield code="Z">No se presta</subfield>
  </datafield>
  <datafield tag="952" ind1=" " ind2=" ">
    <subfield code="0">0</subfield>
    <subfield code="1">0</subfield>
    <subfield code="2">ddc</subfield>
    <subfield code="5">6</subfield>
    <subfield code="7">0</subfield>
    <subfield code="8">DS</subfield>
    <subfield code="a">BNPHU</subfield>
    <subfield code="b">BNPHU</subfield>
    <subfield code="c">HD</subfield>
    <subfield code="d">2024-10-28</subfield>
    <subfield code="e">Donado por la Presidencia de la Rep&#xFA;blica Dominicana 2023.</subfield>
    <subfield code="l">0</subfield>
    <subfield code="o">BNPHU DS 324.22 E56t</subfield>
    <subfield code="p">2024-6172</subfield>
    <subfield code="r">2024-10-28</subfield>
    <subfield code="t">e.4</subfield>
    <subfield code="w">2024-10-28</subfield>
    <subfield code="y">LBS1</subfield>
    <subfield code="z">Perteneci&#xF3; a la biblioteca personal de Emilio Cordero Michel.</subfield>
  </datafield>
  <datafield tag="999" ind1=" " ind2=" ">
    <subfield code="c">21839</subfield>
    <subfield code="d">21839</subfield>
  </datafield>
</record>
